All fnaf 2 rooms - Statistics

General Stats
  • This quiz has been taken 308 times
  • The average score is 9 of 16
Answer Stats
Hint Answer % Correct
Type in fnaf to finish the quiz Fnaf
72%
Fnaf
72%
Fnaf
72%
Party room 1
71%
Party room 2
71%
Party room 3
68%
Party room 4
67%
Fnaf 2 rooms Show stage
63%
Office
58%
Kid's cove
57%
Prize corner
55%
Left vent
49%
Right vent
49%
Main hall
39%
Parts and services
31%
Game area
26%
No matching quizzes found
Score Distribution
Percent of People with Each Score
Percentile by Number Answered
Your Score History
You have not taken this quiz